Fenomenología de la conciencia del tiempo inmanente
Saved in:
| Main Authors: | , |
|---|---|
| Format: | Bog |
| Sprog: | spansk |
| Udgivet: |
Buenos Aires
Nova
1959
|
| Serier: | Colección la Vida del Espiritu
|
| Fag: | |
| Tags: |
Tilføj Tag
Ingen Tags, Vær først til at tagge denne postø!
|
MARC
| LEADER | 00000nam a2200000 a 4500 | ||
|---|---|---|---|
| 001 | UCZ1848 | ||
| 003 | CL-VaPUC | ||
| 008 | 950914e19590000AG |||||||||||||||||spa|d | ||
| 082 | 0 | 4 | |a 115 |b HUS |2 21 |
| 100 | |a Husserl, Edmund |e author |9 197 | ||
| 700 | 0 | |a Picard, Ivonne |e author |9 345522 | |
| 245 | 1 | 0 | |a Fenomenología de la conciencia del tiempo inmanente |
| 246 | 1 | 3 | |a El tiempo en Husserl y en Heidegger |
| 300 | |a 209 p | ||
| 942 | |c BK | ||
| 945 | |d 19950914 00:00:00 |a rbrito | ||
| 260 | |a Buenos Aires |b Nova |c 1959 | ||
| 600 | 0 | 7 | |a HUSEERL, EDMUND |2 CL-VaPUC |9 345523 |
| 650 | 0 | |a Tiempo |9 267892 | |
| 650 | 0 | |a Metafísica |9 265649 | |
| 650 | 0 | |a Conciencia |9 309452 | |
| 650 | 0 | |a Crítica e interpretación |9 255042 | |
| 583 | |a last modification |c 19950914 00:00:00 |k Rodrigo Vera | ||
| 490 | 0 | |a Colección la Vida del Espiritu | |
| 999 | |c 238530 |d 238528 | ||
| 952 | |0 0 |1 0 |4 0 |6 115_000000000000000_HUS_1959 |7 0 |8 A |9 248776 |a BIBEDU |b BIBEDU |d 2019-11-18 |i 3132811 |o 115 HUS 1959 |p 3132811 |r 2019-11-18 |w 2019-11-18 |y BK |k FIL | ||